Indian states by Population - Statistics

General Stats
  • This quiz has been taken 45 times
  • The average score is 10 of 15
Answer Stats
Hint Answer % Correct
238,875,000 Uttar Pradesh
92%
99,723,000 West bengal
87%
77,165,000 Tamil Nadu
84%
129,205,000 Bihar
82%
35,967,000 Kerala
76%
87,954,000 Madhya Pradesh
76%
82,188,000 Rajasthan
76%
46,663,000 Odisha
74%
68,256,000 Karnataka
68%
53,402,000 Andhra Pradesh
58%
36,159,000 Assam
58%
38,317,000 Telangana
53%
127,684,000 Maharastra
42%
40,129,000 Jharkand
24%
72,653,000 Gujurat
8%
No matching quizzes found
Score Distribution
Percent of People with Each Score
Percentile by Number Answered
Your Score History
You have not taken this quiz